South Eastern Kenya University

Library Online Public Access Catalogue


Linear algebra (Record no. 8776)

MARC details
000 -LEADER
fixed length control field 00734cam a2200253 a 4500
001 - CONTROL NUMBER
control field 3400104
003 - CONTROL NUMBER IDENTIFIER
control field OSt
005 - DATE AND TIME OF LATEST TRANSACTION
control field 20150909112907.0
008 - FIXED-LENGTH DATA ELEMENTS--GENERAL INFORMATION
fixed length control field 890613s1990 maua 001 0 eng
010 ## - LIBRARY OF CONGRESS CONTROL NUMBER
LC control number 89036076
020 ## - INTERNATIONAL STANDARD BOOK NUMBER
International Standard Book Number 0201119498
040 ## - CATALOGING SOURCE
Original cataloging agency SEKU
050 00 - LIBRARY OF CONGRESS CALL NUMBER
Classification number QA 184
Item number .F7 1989b
100 1# - MAIN ENTRY--PERSONAL NAME
Personal name Fraleigh, John B.
245 10 - TITLE STATEMENT
Title Linear algebra
Statement of responsibility, etc. John B. Fraleigh, Raymond A. Beauregard ; historical notes by Victor J. Katz.
250 ## - EDITION STATEMENT
Edition statement 2nd ed.
260 ## - PUBLICATION, DISTRIBUTION, ETC. (IMPRINT)
Place of publication, distribution, etc. Reading, Mass. :
Name of publisher, distributor, etc. Addison-Wesley Pub. Co.,
Date of publication, distribution, etc. c1990.
300 ## - PHYSICAL DESCRIPTION
Extent xiii, 518, A1-A53 p. :
Other physical details ill. ;
Dimensions 25 cm.
500 ## - GENERAL NOTE
General note Includes index.
650 #0 - SUBJECT ADDED ENTRY--TOPICAL TERM
Topical term or geographic name as entry element Algebras, Linear.
700 1# - ADDED ENTRY--PERSONAL NAME
Personal name Beauregard, Raymond A.
700 1# - ADDED ENTRY--PERSONAL NAME
Personal name Katz, Victor J.
942 ## - ADDED ENTRY ELEMENTS (KOHA)
Source of classification or shelving scheme Library of Congress Classification
Koha item type General circulation
Holdings
Withdrawn status Lost status Source of classification or shelving scheme Damaged status Not for loan Home library Current library Shelving location Date acquired Source of acquisition Total Checkouts Full call number Barcode Date last seen Price effective from Koha item type Public note
    Library of Congress Classification     Wote Campus Library Wote Campus Library General Stacks 09/09/2015 Donation-Books for Africa   QA 184 .F7 1989b 2015/007175 09/09/2015 09/09/2015 General circulation amk
Kitui, Kenya.
+254736116989
library@seku.ac.ke